<?xml version="1.0" encoding="UTF-8"?>
<record
    xmlns:xsi="http://www.w3.org/2001/XMLSchema-instance"
    xsi:schemaLocation="http://www.loc.gov/MARC21/slim http://www.loc.gov/standards/marcxml/schema/MARC21slim.xsd"
    xmlns="http://www.loc.gov/MARC21/slim">

  <leader>00960naa a2200157Ia 4500</leader>
  <controlfield tag="008">200107s2015    xx            000 0 und d</controlfield>
  <datafield tag="082" ind1=" " ind2=" ">
    <subfield code="a">M33</subfield>
    <subfield code="b">M33</subfield>
  </datafield>
  <datafield tag="083" ind1=" " ind2=" ">
    <subfield code="a">M33 M33</subfield>
  </datafield>
  <datafield tag="099" ind1=" " ind2=" ">
    <subfield code="a">1017</subfield>
  </datafield>
  <datafield tag="100" ind1=" " ind2=" ">
    <subfield code="a">Marilla, Silveria C.</subfield>
    <subfield code="9">1973</subfield>
  </datafield>
  <datafield tag="245" ind1="1" ind2="0">
    <subfield code="a">Extent of Knowledge, Skills and Attitudes of Grade 12 teachers in the Implementation of the MTB_MCE K-12 Curriculum.</subfield>
  </datafield>
  <datafield tag="264" ind1=" " ind2=" ">
    <subfield code="a">Dumaguete City</subfield>
    <subfield code="b">Foundation Uiniversity, </subfield>
    <subfield code="c">2015.</subfield>
  </datafield>
  <datafield tag="300" ind1=" " ind2=" ">
    <subfield code="a">118</subfield>
  </datafield>
  <datafield tag="520" ind1=" " ind2=" ">
    <subfield code="a">A graduate thesis aim to determine the extent of knowledge, skills and attitudes of Grade 1 teachers in the implementation of the MTB_MCE under the K-12 curriculum in the 3rd Congressional District in the Division of Negros Oriental in relation to pupils academic performance during the school year 2014-2015; reveals that the higher the Grade 1 teachers extent of knowledge, skills and attitudes in the implementation of the MTB-MCE, the better is their pupils academic performance.</subfield>
  </datafield>
  <datafield tag="942" ind1=" " ind2=" ">
    <subfield code="2">ddc</subfield>
    <subfield code="c">BK</subfield>
  </datafield>
  <datafield tag="999" ind1=" " ind2=" ">
    <subfield code="c">1017</subfield>
    <subfield code="d">1017</subfield>
  </datafield>
  <datafield tag="952" ind1=" " ind2=" ">
    <subfield code="0">0</subfield>
    <subfield code="1">0</subfield>
    <subfield code="2">ddc</subfield>
    <subfield code="4">0</subfield>
    <subfield code="7">0</subfield>
    <subfield code="a">FOUNDATION</subfield>
    <subfield code="b">FOUNDATION</subfield>
    <subfield code="c">T</subfield>
    <subfield code="d">2017-09-05</subfield>
    <subfield code="e">Donated</subfield>
    <subfield code="o">M33 M33</subfield>
    <subfield code="p">60709</subfield>
    <subfield code="r">2022-02-23 00:00:00</subfield>
    <subfield code="w">2022-02-23</subfield>
    <subfield code="y">BK</subfield>
  </datafield>
</record>
